000 00539nam a2200205Ia 4500
008 230125s9999 xx 000 0 und d
020 _a81-203-2450-1
041 _aeng
082 _a659.1
_bCLO
100 _aClow K E
_9110421
245 _aIntegrated Advertising, Promotion, and Marketing Communications
250 _a2nd ed
260 _c2004
_bPrentice Hall
_aNew Delhi
300 _a538p
500 _aadvertising
650 _aAdvertising
700 _aClow K E & Baack D
_9110422
906 _b59
999 _c87225
_d87225